000
00306nam a2200133Ia 4500
008
191201s2006 xx 000 0 und d
100
_a
SUBRAHMANYAM, N
245
0
_a
Optics
250
_a
23th
260
_a
N.Delhi
_b
S Chand and Co. Ltd.
_c
2006
300
_a
668
650
_a
B.Tech(ECE)
942
_2
ddc
_c
BK
999
_c
3236
_d
3236